LEADER 00854nam0-22002891i-450- 001 990000125030403321 035 $a000012503 035 $aFED01000012503 035 $a(Aleph)000012503FED01 035 $a000012503 100 $a20011111d--------km-y0itay50------ba 101 0 $aita 105 $ay-------001yy 200 1 $aIstoria della vita e delle opere di Giulio Pippi Romano$fscritta da Carlo D'Arco. 210 $aMantova$cA spese dell'autore$d1838 215 $a91, LVI p., 71 tav.$cill.$d48 cm 610 0 $aGiulio Romano 676 $a759.5 700 1$aArco,$bCarlo : d'$08139 801 0$aIT$bUNINA$gRICA$2UNIMARC 901 $aBK 912 $a990000125030403321 952 $a13 AR 3 D 24$b7068$fFINBC 959 $aFINBC 996 $aIstoria della vita e delle opere di Giulio Pippi Romano$9114359 997 $aUNINA DB $aING01 LEADER 01004nam a22002531i 4500 001 991003872619707536 005 20040628091057.0 008 040802s1942 fr |||||||||||||||||fre 035 $ab13140796-39ule_inst 035 $aARCHE-109340$9ExL 040 $aBiblioteca Interfacoltà$bita$cA.t.i. Arché s.c.r.l. Pandora Sicilia s.r.l. 082 04$a792 100 1 $aFabre, Émile$0202149 245 13$aLa comédie française :$bhistoire d'une société de comédiens à travers les siècles /$cEmile Fabre 260 $aParis :$bNouvelle Revue Critique,$cstampa 1942 300 $aXXI, 220 p. ;$c24 cm 440 0$aChoses et gens de théâtre ;$v4 650 4$aCommedia francese 907 $a.b13140796$b02-04-14$c05-08-04 912 $a991003872619707536 945 $aLE002 Fondo Giudici R 8$g1$iLE002G-16440$lle002$nC. 1$o-$pE0.00$q-$rn$so $t0$u0$v0$w0$x0$y.i13778080$z05-08-04 996 $aComédie française$9309948 997 $aUNISALENTO 998 $ale002$b05-08-04$cm$da $e-$ffre$gfr $h3$i1 LEADER 01098nam a22003011i 4500 001 991000686399707536 005 20040126131430.0 008 040220s1979 it a||||||||||||||||ita 035 $ab12655302-39ule_inst 035 $aARCHE-065364$9ExL 040 $aDip.to Scienze pedagogiche$bita$cA.t.i. Arché s.c.r.l. Pandora Sicilia s.r.l. 082 04$a574 100 1 $aAdler, Irving$051557 245 10$aCome iniziò la vita /$cdi Irving Adler ; prefazione di Linus Pauling ; illustrazioni di Ruth Adler e Peggy Adler 260 $aMilano :$bLonganesi,$c1979 300 $a185 p. :$bill. ;$c20 cm 440 0$aPiccola biblioteca 650 4$aBiologia$xVita$xOrigine 700 1 $aPauling, Linus 700 1 $aAdler, Ruth 700 1 $aAdler, Peggy 765 0 $tHow life began 907 $a.b12655302$b02-04-14$c17-03-04 912 $a991000686399707536 945 $aLE022 MP 76 F 11$g1$i2022000085175$lle022$o-$pE0.00$q-$rl$s- $t0$u0$v0$w0$x0$y.i13161611$z17-03-04 996 $aCome iniziò la vita$9275033 997 $aUNISALENTO 998 $ale022$b17-03-04$cm$da $e-$fita$git $h0$i1 LEADER 03553nam 2200613 450 001 9910813578003321 005 20200520144314.0 010 $a1-118-94724-X 010 $a1-119-05085-5 010 $a1-118-94723-1 035 $a(CKB)4330000000003108 035 $a(SSID)ssj0001569975 035 $a(PQKBManifestationID)16221201 035 $a(PQKBTitleCode)TC0001569975 035 $a(PQKBWorkID)13529780 035 $a(PQKB)10812258 035 $a(PQKBManifestationID)15499208 035 $a(PQKBWorkID)12925804 035 $a(PQKB)23184434 035 $a(MiAaPQ)EBC4436063 035 $a(DLC) 2015027389 035 $a(Au-PeEL)EBL4436063 035 $a(CaPaEBR)ebr11169663 035 $a(CaONFJC)MIL909416 035 $a(OCoLC)913712239 035 $a(PPN)220215871 035 $a(EXLCZ)994330000000003108 100 $a20160330h20162016 uy 0 101 0 $aeng 135 $aurcnu|||||||| 181 $ctxt 182 $cc 183 $acr 200 00$aCleft lip and palate management $ea comprehensive atlas /$fedited by Ricardo D. Bennun [and three others] 210 1$aHoboken, New Jersey :$cWiley Blackwell,$d2016. 210 4$d©2016 215 $a1 online resource (510 pages) $ccolor illustrations, photographs, tables 300 $aBibliographic Level Mode of Issuance: Monograph 311 $a1-118-60754-6 320 $aIncludes bibliographical references at the end of each chapters and index. 327 $aTissue engineering and regenerative medicine : evolving an application toward cleft lip and palate surgery / George K. Sa?ndor -- The naso-labial region : a revision of the vascular anatomy / Ricardo D. Bennun -- Epidemiological data about non syndromic oral cleft in Argentina / Ricardo D. Bennun -- International multicenter protocol / Ricardo D. Bennun, Suvi P. Tainijoki, Leena Ylikontiola, George K. Sa?ndor, Vanesa Casadio -- Dynamic presurgical naso alveolar remodeling in unilateral and bilateral cases (D.P.N.R. technique) / Ricardo D. Bennun, Analia C. Langsam -- Pediatric anesthesia considerations / Luis Moggi, Maria Bevilacqua, Diofre Ponce, Ricardo D. Bennun -- Unilateral complete cleft lip and nose reconstruction / Ricardo D. Bennun, David Genecov -- Bilateral complete cleft lip and nose reconstruction / Ricardo D. Bennun, George K. Sa?ndor -- Unilateral and bilateral complete cleft palate reconstruction / Ricardo D. Bennun, Luis Monasterio Aljaro -- Correction of transverse problems in cleft patients using the Maimonides protocol / Julia F. Harfin -- Changes in arch dimension after orthodontic treatment in cleft patients / Julia F. Harfin -- The real orthodontic treatment in adults cleft patients / Julia F. Harfin -- Strengthening surgical/orthodontic interrelationships / Julia F. Harfin, Ricardo D. Bennun -- To what extent could dental alveolar osteo-genesis be achieved only with ortothodontic treatment in cleft patients? / Julia F. Harfin -- Laser treatment of cleft lip scars / Agustina Vila Echague -- 3D photography in cleft patients / Virpi Harila, Tuomo Heikkinen, Ville Vuollo, George K. Sa?ndor, Pertti Pirttiniemi. 606 $aCleft lip$xSurgery$vAtlases 606 $aCleft palate$xSurgery$vAtlases 615 0$aCleft lip$xSurgery 615 0$aCleft palate$xSurgery 676 $a617.5/22059 702 $aBennun$b Ricardo D. 801 0$bMiAaPQ 801 1$bMiAaPQ 801 2$bMiAaPQ 906 $aBOOK 912 $a9910813578003321 996 $aCleft lip and palate management$94003472 997 $aUNINA